000 00202 a2200097 4500
020 _a9780241405710
041 _aeng
100 _aKinney, Jeff
245 _aDiary of an awesome friendly kid
942 _cBK
999 _c31308
_d31306